| 000 | 00711nam a2200229 a 4500 | ||
|---|---|---|---|
| 005 | 20210219152908.0 | ||
| 008 | 991125n 000 0 spa u | ||
| 035 | _aUPN01000066108 | ||
| 100 | _aMELOT, Michel | ||
| 222 |
_aEDUCACION Y BIBLIOTECA : _bREVISTA MENSUAL DE DOCUMENTACION Y RECURSOS DIDACTICOS |
||
| 245 | _aLa biblioteca es una herramienta para toda la vida : cosa que no lo es la escuela | ||
| 260 | _aMadrid, España | ||
| 300 | _a7-13 | ||
| 362 | _a1996 No. 65, feb. | ||
| 653 | 0 | _aBIBLIOTECAS PUBLICAS | |
| 653 | 0 | _aBIBLIOTECAS UNIVERSITARIAS | |
| 653 | 0 | _aFRANCIA | |
| 653 | 0 | _aLECTURA PUBLICA | |
| 700 | _aSALABERRIA, Ramón, coaut. | ||
| 904 |
_aAC _b003919 |
||
| 905 | _aArticulo | ||
| 999 |
_c63302 _d63302 |
||